| 000 | 00811nam a2200253Ia 4500 | ||
|---|---|---|---|
| 003 | OSt | ||
| 005 | 20220925220019.0 | ||
| 006 | a|||||r|||| 00| 0 | ||
| 007 | ta | ||
| 008 | 220923b |||||||| |||| 00| 0 eng d | ||
| 020 |
_a1566703778 _c1319.23 |
||
| 037 |
_b8740, 13/01/2001, _cGeneral Book |
||
| 040 |
_aRTL _cRTL _beng |
||
| 041 |
_2eng _aeng |
||
| 082 | _aX:77:(G:5), N9 | ||
| 100 | _aMaser Chris | ||
| 245 | 0 | _aEcologlical diversity in sustainable development | |
| 260 |
_aLondon _bLewis Publishers United Kingdom _c1999 |
||
| 300 |
_axxvi, 401p. Bibliography p.397-401 _ccm. |
||
| 490 | _aSustainable Community Development Series | ||
| 650 |
_aEconomic Development _917300 |
||
| 942 |
_hX:77:(G:5), N9 _cGB _2CC |
||
| 999 |
_c570305 _d570305 |
||